The legend of the Holy Fina, Virgin of Santo Gimignano. (Запис № 517890)
[ простий вигляд ]
| 000 -LEADER | |
|---|---|
| fixed length control field | 01773cam a2200373I 4500 |
| 001 - CONTROL NUMBER | |
| control field | legendofholyfina00joan |
| 003 - CONTROL NUMBER IDENTIFIER | |
| control field | CaSfIA |
| 005 - DATE AND TIME OF LATEST TRANSACTION | |
| control field | 20210118163619.0 |
| 007 - PHYSICAL DESCRIPTION FIXED FIELD--GENERAL INFORMATION | |
| fixed length control field | cr|||| |
| 008 - FIXED-LENGTH DATA ELEMENTS--GENERAL INFORMATION | |
| fixed length control field | 750404s1966 nyuf 000 0 eng |
| 010 ## - LIBRARY OF CONGRESS CONTROL NUMBER | |
| LC control number | 66025699 |
| 040 ## - CATALOGING SOURCE | |
| Original cataloging agency | DLC |
| Transcribing agency | OUN |
| Modifying agency | SER |
| -- | OCL |
| -- | WSU |
| -- | OCL |
| -- | OCLCG |
| -- | STF |
| -- | OCLCQ |
| -- | AAA |
| -- | CaSfIA |
| 019 ## - | |
| -- | 172339 |
| -- | 175055 |
| -- | 352002 |
| 035 ## - SYSTEM CONTROL NUMBER | |
| System control number | (OCoLC)1252303 |
| Canceled/invalid control number | (OCoLC)172339 |
| -- | (OCoLC)175055 |
| -- | (OCoLC)352002 |
| 041 1# - LANGUAGE CODE | |
| Language code of text/sound track or separate title | engita |
| Language code of original and/or intermediate translations of text | ita |
| 050 04 - LIBRARY OF CONGRESS CALL NUMBER | |
| Classification number | PQ4472 |
| Item number | .J58 1966 |
| 082 0# - DEWEY DECIMAL CLASSIFICATION NUMBER | |
| Classification number | 858/.1/08 |
| 029 1# - (OCLC) | |
| OCLC library identifier | AU@ |
| System control number | 000009242462 |
| 100 0# - MAIN ENTRY--PERSONAL NAME | |
| Personal name | Joannes de Sancto Geminiano, |
| Dates associated with a name | fl., 1296-1332. |
| 245 14 - TITLE STATEMENT | |
| Title | The legend of the Holy Fina, Virgin of Santo Gimignano. |
| Medium | [electronic resource] |
| Remainder of title | Now first translated from the trecento Italian of Fra Giovanni di Coppo. |
| Statement of responsibility, etc | With introd. and notes by M. Mansfield. |
| 260 ## - PUBLICATION, DISTRIBUTION, ETC. (IMPRINT) | |
| Place of publication, distribution, etc | New York, |
| Name of publisher, distributor, etc | Cooper Square Publishers, |
| Date of publication, distribution, etc | 1966. |
| 300 ## - PHYSICAL DESCRIPTION | |
| Extent | xlv, 127 p. |
| Other physical details | 6 plates. |
| Dimensions | 17 cm. |
| 490 0# - SERIES STATEMENT | |
| Series statement | The Medieval Library |
| 500 ## - GENERAL NOTE | |
| General note | English and Italian. |
| 530 ## - ADDITIONAL PHYSICAL FORM AVAILABLE NOTE | |
| Additional physical form available note | Also issued online. |
| 506 ## - RESTRICTIONS ON ACCESS NOTE | |
| Standardized terminology for access restriction | Необхідна авторизація на https://archive.org/ (створення облікового запису безкоштовно) |
| 506 ## - RESTRICTIONS ON ACCESS NOTE | |
| Standardized terminology for access restriction | Необхідна авторизація на https://openlibrary.org/ (створення облікового запису безкоштовно) |
| 600 00 - SUBJECT ADDED ENTRY--PERSONAL NAME | |
| Personal name | Seraphina, |
| Titles and other words associated with a name | Saint, |
| Dates associated with a name | 1238-1253. |
| 700 0# - ADDED ENTRY--PERSONAL NAME | |
| Personal name | Seraphina, |
| Titles and other words associated with a name | Saint, |
| Dates associated with a name | 1238-1253. |
| 700 1# - ADDED ENTRY--PERSONAL NAME | |
| Personal name | Mansfield, Mildred Mary Blancke, |
| Dates associated with a name | 1862-1938, |
| Relator term | tr. |
| 856 41 - ELECTRONIC LOCATION AND ACCESS | |
| Uniform Resource Identifier | <a href="http://www.archive.org/details/legendofholyfina00joan">http://www.archive.org/details/legendofholyfina00joan</a> |
| Public note | Free eBook from the Internet Archive |
| 856 42 - ELECTRONIC LOCATION AND ACCESS | |
| Uniform Resource Identifier | <a href="http://www.openlibrary.org/books/OL14117902M">http://www.openlibrary.org/books/OL14117902M</a> |
| Public note | Additional information and access via Open Library |
| 942 ## - ADDED ENTRY ELEMENTS (KOHA) | |
| Koha item type | ЕКнига |
Немає доступних примірників.